El marco de desarrollo de base. La construcción de un sistema participativo para analizar resultados de proyectos sociales.

Bibliographic Details
Main Author: Zaffaroni, Cecilia
Format: Libro
Language:Spanish
Published: Uruguay Trilce 1997

MARC

LEADER 00000cam a2200000 a 4500
001 019100
003 UAHC_CL
005 20170803121719.0
008 020826b1997 uy g 000 spa
040 |a UAHC_CL  |c UAHC_CL  |d UAHC_CL 
100 1 |a Zaffaroni, Cecilia 
245 1 3 |a El marco de desarrollo de base. La construcción de un sistema participativo para analizar resultados de proyectos sociales. 
260 |b Trilce  |a Uruguay  |c 1997 
300 |a 223 p. 
900 |a 658.404 ZAF 
942 |c BK 
952 |0 0  |1 0  |4 0  |6 658_404000000000000_ZAF  |7 0  |8 General  |9 38300  |a BC  |b BC  |c General  |d 2017-08-03  |l 0  |o 658.404 ZAF  |p 1322467  |r 2026-01-19 00:00:00  |t 1  |w 2017-08-03  |y BK  |z Fotocopia 
952 |0 0  |1 0  |4 0  |6 658_404000000000000_ZAF  |7 0  |8 General  |9 38301  |a BC  |b BC  |c General  |d 2017-08-03  |l 0  |o 658.404 ZAF  |p 1322468  |r 2026-01-19 00:00:00  |t 2  |w 2017-08-03  |y BK  |z Fotocopia 
952 |0 0  |1 0  |4 0  |6 658_404000000000000_ZAF  |7 0  |8 General  |9 38302  |a BC  |b BC  |c General  |d 2017-08-03  |l 0  |o 658.404 ZAF  |p 1322469  |r 2026-01-19 00:00:00  |t 3  |w 2017-08-03  |y BK  |z Fotocopia 
999 |c 19100  |d 19100